000 00725nam a22002177a 4500
999 _c11168
_d11168
003 AR-CdUCM
008 190403b ||||| |||| 00| 0 spa d
040 _aMUNICIPALIDAD PROVINCIAL DEL CUSCO
_cBIBLIOTECA MUNICIPAL DEL CUSCO
082 _a869.551 /
_bG66 / 1898
100 _aGonzales Prada, Manuel
_92388
245 _aLos partidos y la unión nacional /
260 _c1898
300 _a362 Páginas ;
_c19 cm.
500 _aEl texto no cuenta con contratapa.
505 _aContenido : Los partidos y la unión nacional -- Libre pensamiento de acción -- El intelectual y el obrero ...
650 _aObras
_96865
650 _aUnión
_928383
650 _aNacional
_928384
942 _2ddc
_cLIBROS
945 _arah